000 00299nam a22001337a 4500
008 170613b xxu||||| |||| 00| 0 eng d
020 _a0394739914
041 _aeng
080 _a32
100 _a19
101 _aSHP
245 _aART& POLITICS IN THE WEIMAR PERIOD
_cWILLETT,J
942 _2udc
_cBK
999 _c17235
_d17235